000
00314 a2200157 4500
001
67870
020
_a
9788594760807
040
_c
Anchieta - Pituba
100
_a
Almeida JĂșnior
240
1
0
_a
Venci!
_l
por
245
1
0
_a
Venci!
300
_a
66
362
0
_a
2017
650
4
_a
Literatura juvenil
942
_c
BK
999
_c
67870
_d
67870